Detalles MARC
| 000 -CABECERA |
| Longitud fija campo de control |
01244nam a2200361 i 4500 |
| 003 - • IDENTIFICADOR DELl NÚMERO DE CONTROL |
| Identificador del número de control |
CO-BoRNBP |
| 005 - • FECHA Y HORA DE LA ÚLTIMA TRANSACCIÓN |
| Fecha y hora de la última transacción |
20241003102308.0 |
| 007 - • CAMPO FIJO DE DESCRIPCIÓN FÍSICA |
| Campo fijo de descripción física |
ta |
| 008 - • CÓDIGOS DE INFORMACIÓN DE LONGITUD FIJA |
| Códigos de información de longitud fija |
180724s2017 ck ao gr 000 0 spa d |
| 020 ## - • NÚMERO INTERNACIONAL NORMALIZADO PARA LIBROS |
| Número Internacional Normalizado para Libros (ISBN) |
9789584262011 |
| 020 ## - • NÚMERO INTERNACIONAL NORMALIZADO PARA LIBROS |
| Número Internacional Normalizado para Libros (ISBN) |
9584262017 |
| 040 ## - FUENTE DE LA CATALOGACIÓN |
| Centro catalogador de origen |
CO-BoBLA |
| Lengua de catalogación |
spa |
| Centro transcriptor |
CO-BoBLA |
| Normas de descripción |
rda |
| 041 0# - • CÓDIGO DE LENGUA |
| Código de lengua del texto/banda sonora o título independiente |
spa |
| 043 ## - CÓDIGO DE ÁREA GEOGRÁFICA |
| Código de área geográfica |
e-sp--- |
| 082 04 - • NÚMERO DE LA CLASIFICACIÓN DECIMAL DEWEY |
| Número de clasificación (R) |
920 |
| Número del ítem |
B58m1 |
| Número de edición |
19 |
| 100 1# - • PUNTO DE ACCESO PRINCIPAL-NOMBRE DE PERSONA |
| Nombre de persona |
Blum de Barberi, Claudia, |
| Fechas asociadas al nombre |
1948- |
| 245 10 - • TITULO PROPIAMENTE DICHO |
| Título |
Mi vida en lápiz / |
| Mención de responsabilidad, etc. |
Claudia Blum. |
| 250 ## - • MENCIÓN DE EDICIÓN |
| Mención de edición |
Primera edición. |
| 264 #1 - PRODUCCIÓN, PUBLICACIÓN , DISTRIBUCIÓN, FABRICACIÓN Y COPYRIGHT |
| Lugar de producción, publicación, distribución, fabricación |
Bogotá : |
| Nombre del productor, editor, distribuidor, fabricante |
Editorial Planeta Colombiana, |
| Fecha de de producción, publicación, distribución, fabricación o copyright |
2017. |
| 300 ## - • DESCRIPCIÓN FÍSICA |
| Extensión |
456 páginas : |
| Otras características físicas |
ilustraciones, fotografías ; |
| Dimensiones |
23 cm. |
| 336 ## - TIPO DE CONTENIDO |
| Término de tipo de contenido |
texto |
| Código de tipo de contenido |
txt [ |
| Fuente |
rdacontent] |
| 337 ## - TIPO DE MEDIO |
| Nombre del tipo de medio |
sin mediación |
| Código del tipo de medio |
n [ |
| Fuente |
rdamedia] |
| 338 ## - TIPO DE SOPORTE |
| Nombre del tipo de soporte |
volumen |
| Código del tipo de soporte |
nc [ |
| Fuente |
rdacarrier] |
| 500 ## - • NOTA GENERAL |
| Nota general |
Glosario : p. 448-453. |
| 600 17 - • PUNTO DE ACCESO ADICIONAL DE MATERIA - NOMBRE DE PERSONA |
| Nombre de persona |
Blum de Barberi, Claudia, |
| Fechas asociadas al nombre |
1948-. |
| 650 #7 - • PUNTO DE ACCESO ADICIONAL DE MATERIA - TÉRMINO DE MATERIA |
| Término de materia o nombre geográfico como elemento inicial |
Mujeres en la política. |
| Subdivisión geográfica |
Colombia. |
| Fuente del encabezamiento o término |
BLAAUTO |
| 650 #7 - • PUNTO DE ACCESO ADICIONAL DE MATERIA - TÉRMINO DE MATERIA |
| Término de materia o nombre geográfico como elemento inicial |
Políticos |
| Subdivisión geográfica |
Colombia |
| Subdivisión de forma |
Biografías |
| -- |
Ensayos, conferencias, etc. |
| Fuente del encabezamiento o término |
BLAAUTO |
| 650 #7 - • PUNTO DE ACCESO ADICIONAL DE MATERIA - TÉRMINO DE MATERIA |
| Término de materia o nombre geográfico como elemento inicial |
Psicología de la mujer |
| Fuente del encabezamiento o término |
BLAAUTO |
| 700 1# - • PUNTO DE ACCESO ADICIONAL - NOMBRE DE PERSONA |
| Nombre de persona |
Cepeda Aparicio, Ludwing, |
| Término indicativo de función |
Corrección de estilo |
| 700 1# - • PUNTO DE ACCESO ADICIONAL - NOMBRE DE PERSONA |
| Nombre de persona |
Bensimon, Gilles, |
| Término indicativo de función |
fotógrafa |
| 942 ## - ENTRADA DE ELEMENTOS AGREGADOS (KOHA) |
| Fuente de clasificaión o esquema |
Dewey Decimal Classification |
| Koha [por defecto] tipo de item |
LIbro |
| 949 ## - TRATAMIENTO DE LA INFORMACIÓN LOCAL (OCLC) |
| a |
c |
| b |
c |